000 01049nam a22002417a 4500
005 20220826093559.0
008 220823n |||a|||| |||| 00| 0 eng d
040 _cChap
_erda
082 _a630.82
_bR43y
245 _aPortraits of Women working with Maize in Mexico /
_cFotos y textos Peter Lowe; transcripciones de entrevistas Martha Francisca Ortiz Zarate; corrección de estilo Guillermo Ríos Bonilla.
264 _a[México] :
_bCVC Impresos,
_c[Fecha desconocida].
300 _a72 páginas
_bfotografías
336 _atexto
_btxt
_2rdacontenido
337 _asinmedio
_bn
_2rdamedia
338 _avolumen
_bnc
_2rdacarrier
500 _aTambién disponible en español: Retratos de mujeres que trabajan el maíz en México.
650 0 _9185429
_aMujeres en la agricultura
_xVida social y costumbres
_zMéxico
650 0 _9185430
_aMujeres en la agricultura
_zMéxico
_xAnécdotas
700 _9185468
_aLowe, Peter
700 _9185469
_aOrtiz Zarate, Martha Francisca
700 _9185470
_aRíos Bonilla, Guillermo
942 _2ddc
_cLIBRO
999 _c217613
_d217613